Warsaw Pact : Countries and Capitals - Statistics

General Stats
  • This quiz has been taken 392 times
  • The average score is 14 of 16
Answer Stats
Answer % Correct
Poland
99%
Warsaw
92%
Romania
90%
Soviet Union
90%
Hungary
89%
Bulgaria
88%
Moscow
88%
Budapest
85%
Czechoslovakia
84%
Bucharest
82%
East Germany
82%
Prague
81%
Sofia
81%
Albania
80%
Berlin
79%
Tirana
69%
No matching quizzes found
Score Distribution
Percent of People with Each Score
Percentile by Number Answered
Your Score History
You have not taken this quiz